| Tag |
First Indicator |
Second Indicator |
Subfields |
| LEADER |
00000cam a22000004a 4500 |
| 001 |
in00002575372 |
| 005 |
20151201153609.0 |
| 008 |
100811s2011 txu b s001 ideng c |
| 010 |
|
|
|a 2010034370
|
| 020 |
|
|
|a 9781603442435 (cloth : alk. paper)
|
| 020 |
|
|
|a 160344243X (cloth : alk. paper)
|
| 020 |
|
|
|a 9781603442688 (e-book)
|
| 020 |
|
|
|a 1603442685 (e-book)
|
| 035 |
|
|
|a (OCoLC)ocn658810590
|
| 040 |
|
|
|a TXA/DLC
|c DLC
|d TXA
|d UtOrBLW
|
| 041 |
1 |
|
|a eng
|h spa
|
| 042 |
|
|
|a pcc
|
| 043 |
|
|
|a n-us-tx
|a n-us---
|a n-mx---
|a n-usu--
|
| 049 |
|
|
|a TXAM
|
| 050 |
0 |
0 |
|a E580
|b .G37 2011
|
| 082 |
0 |
0 |
|a 973.7/8
|2 22
|
| 100 |
1 |
|
|a Garza, Joseph Rafael de la,
|d 1838-1864.
|
| 240 |
1 |
0 |
|a Correspondence.
|k Selections.
|l English
|
| 245 |
1 |
0 |
|a Tejanos in gray :
|b Civil War letters of Captains Joseph Rafael de La Garza and Manuel Yturri /
|c edited and with an introduction by Jerry Thompson ; translated by José Roberto Juárez.
|
| 264 |
|
1 |
|a College Station :
|b Texas A&M University Press,
|c [2011]
|
| 264 |
|
4 |
|c ©2011
|
| 300 |
|
|
|a xxvi, 140 pages :
|b illustrations ;
|c 23 cm.
|
| 336 |
|
|
|a text
|b txt
|2 rdacontent
|
| 337 |
|
|
|a unmediated
|b n
|2 rdamedia
|
| 338 |
|
|
|a volume
|b nc
|2 rdacarrier
|
| 490 |
1 |
|
|a Fronteras series ;
|v no. 9
|
| 504 |
|
|
|a Includes bibliographical references and index.
|
| 505 |
2 |
|
|a Translator's notes / by José Roberto Juárez -- Introduction / by Jerry Thompson -- Letters of Capt. Joseph de la Garza -- Letters of Capt. Manuel Yturri.
|
| 600 |
1 |
0 |
|a Garza, Joseph Rafael de la,
|d 1838-1864
|v Correspondence.
|
| 600 |
1 |
0 |
|a Yturri Castillo, Manuel
|v Correspondence.
|
| 650 |
|
0 |
|a Mexican American soldiers
|z Texas
|v Correspondence.
|
| 650 |
|
0 |
|a Mexican Americans
|z Texas
|x History
|y 19th century.
|
| 651 |
|
0 |
|a Texas
|x History
|y Civil War, 1861-1865
|v Personal narratives.
|
| 651 |
|
0 |
|a United States
|x History
|y Civil War, 1861-1865
|v Personal narratives, Confederate.
|
| 651 |
|
0 |
|a Texas
|x History
|y Civil War, 1861-1865
|x Participation, Mexican American
|v Sources.
|
| 651 |
|
0 |
|a United States
|x History
|y Civil War, 1861-1865
|x Participation, Mexican American
|v Sources.
|
| 650 |
|
0 |
|a Mexican Americans
|z Texas
|x History
|y 19th century
|v Sources.
|
| 700 |
1 |
|
|a Thompson, Jerry D.
|
| 700 |
1 |
2 |
|a Yturri Castillo, Manuel.
|t Correspondence.
|k Selections.
|l English.
|
| 830 |
|
0 |
|a Fronteras series ;
|v no. 9.
|
| 948 |
|
|
|a cataloged
|b h
|c 2011/3/21
|d c
|e dmitchel
|f 12:00:00 pm
|
| 994 |
|
|
|a C0
|b TXA
|
| 999 |
|
|
|a MARS
|
| 999 |
f |
f |
|s 3e486e77-7efa-34dc-87bd-26211d164e46
|i aa3c5f03-5202-304b-b7b6-6b52a1587473
|t 0
|
| 952 |
f |
f |
|p normal
|a Texas A&M University
|b College Station
|c Sterling C. Evans Library
|d Evans: Library Stacks
|t 0
|e E580 .G37 2011
|h Library of Congress classification
|i unmediated -- volume
|m A14839517772
|
| 998 |
f |
f |
|a E580 .G37 2011
|t 0
|l Evans: Library Stacks
|